00275nam a2200097Ia 4500008004100000100002800041245004000069260004200109260000900151999001700160170620s9999 xx 000 0 und d aRao- Digumarti Bhaskara 0aJob Satisfaction of School teachers bNew Delhi- Discovery Publishing House c2003 c24410d24410